The Energy Journal

Bibliographic Details
Format: eBook
Language:English
Published: Nueva York: International Association for Energy Economics, 2014 -
Subjects:
Online Access:Acceso restringido

MARC

LEADER 00000nam a22000007a 4500
005 20191018222413.0
007 cr|||| ||||
008 191018c20149999us qr|w s|||| 0|||b1eng d
022 |a 0195-6574 
035 |a 22935 
040 |a vLex 
090 |c 9922  |d 9922 
245 0 3 |a The Energy Journal  |h [Recurso electrn̤ico] / 
256 |a Servicio en ln̕ea 
260 |a Nueva York:  |b International Association for Energy Economics,  |c 2014 - 
300 |a 1 recurso electrn̤ico 
310 |a Trimestral 
506 1 |a Disponible solo en los productos indicados  |d vLex Global  |d vLex Global (Academic Edition, excluding Law Schools)  |d vLex Global (Academic Edition, Law Schools) 
650 0 4 |a Economa̕ y negocios  |z Estados Unidos 
740 0 |a vLex Revistas (Servicio en ln̕ea) 
856 4 0 |u http://vlex.com/source/the-energy-journal-22935  |z Acceso restringido 
942 |c REV 
999 0 |a Economy and business